00317nam a2200133Ia 4500008005400000022001300054041000800067082001100075100001400086245001500100260004200115300001800157440000800175240112s1990 MAY-MAY-JUNE xx 000 0 und d a00995355 aeng a616.05 aLEVY J.A. aTHE LANCET bLITTLE BROWN & CO.c1990 MAY-MAY-JUNE a1604,HBc8697 v335